| 000 | 00686cam a2200229 a 4500 | ||
|---|---|---|---|
| 005 | 20221129063732.0 | ||
| 008 | 190620s1980 mx frf 001 0 spa d | ||
| 020 | _a9682408857 | ||
| 035 | _aUPN01000231466 | ||
| 040 |
_aMX-MxUPN _bspa _cMX-MxUPN |
||
| 050 | 4 |
_aH62 _bP53 1980 |
|
| 100 | 1 |
_aPick de Weiss, Susan Emily, _d1952- _929856 |
|
| 100 | 1 |
_aLópez Velasco de Faubert, Ana Luisa _944973 |
|
| 245 | 1 | 0 | _aCómo investigar en ciencias sociales |
| 250 | _aSegunda edición | ||
| 260 |
_aMéxico, D.F. : _bTrillas, _c1980 |
||
| 300 | _a160 páginas | ||
| 650 | 4 |
_aCiencias sociales _xMetodología _96208 |
|
| 905 | _aLibro | ||
| 942 |
_n0 _2lcc _cLIBRO |
||
| 999 |
_c203561 _d203561 |
||